West Old Turkic and the formation of the Hungarian tribal confederation

Elmentve itt :
Bibliográfiai részletek
Szerző: Zimonyi István
Dokumentumtípus: Cikk
Megjelent: 2013
Sorozat:TURKIC LANGUAGES 17 No. 1-2
mtmt:2798415
Online Access:http://publicatio.bibl.u-szeged.hu/17415
LEADER 00613nab a2200181 i 4500
001 publ17415
005 20220817111755.0
008 191119s2013 hu o 0|| zxx d
022 |a 1431-4983 
024 7 |a 2798415  |2 mtmt 
040 |a SZTE Publicatio Repozitórium  |b hun 
041 |a zxx 
100 1 |a Zimonyi István 
245 1 0 |a West Old Turkic and the formation of the Hungarian tribal confederation  |h [elektronikus dokumentum] /  |c  Zimonyi István 
260 |c 2013 
300 |a 216-225 
490 0 |a TURKIC LANGUAGES  |v 17 No. 1-2 
856 4 0 |u http://publicatio.bibl.u-szeged.hu/17415/1/TL_17_Zimonyi.pdf  |z Dokumentum-elérés